LEADER 00873nas a2200241 i 4500 001 000000234354 003 CaOOAMICUS 005 20190401104116.0 008 141013b2014 ne uu u0 0eng r 013 $a213257 040 $aSeMil$bita 245 10$a[2014 : 4-5]. 260 $aLeiden ; Boston :$bBrill,$ccopyr. 2014. 300 $aP. [449]-602 :$btabelle ;$c24 cm. 500 $aArticoli con sintesi in inglese [Abstract] in testa. 773 0 $tJournal for the Study of Judaism.$dLeiden : Brill $x0047-2212$w()2390 774 0 $t[vedi periodico].$w()281855 850 $aSeMil 852 $aSeMil$W1$xVenegono$y1$m239 1 81$j184700$B184700$CSeMilBibl$Z2$F197301 $85 961 $aAbbonamento: Brill 996 $6245$a[2014 : 4-5]$9(OLS)http://semarc/title/334519 996 $6260$aLeiden ; Boston :$bBrill$9(OLS)http://semarc/publisher/39473 LEADER 00913nam a2200241 i 4500 001 000000062093 003 CaOOAMICUS 005 20230306171006.0 008 050221s1997 it u000 u mul u 020 $a8804422653 040 $aSeMil$bita 245 00$a1: Magia, miracoli, demonologia. 300 $aL, 602 p. 650 4$aMiracoli.$0(OLS)http://semarc/subject/4250 650 4$aDemonologia.$0(OLS)http://semarc/subject/1375 650 4$aMagia.$0(OLS)http://semarc/subject/7826 773 0 $tArcana Mundi.$d[Milano] : Arnoldo Mondadori Editore, 1997.$kScrittori greci e latini$g1$w()536 850 $aSeMil 852 $aSeMil$W1$xVenegono$y1$m1ZA A 11/1$j238193$B28246$CSeMilBibl$Z2$F28249 $81 961 $aAcquisto: Rappresentante 996 $6020$a8804422653$9(OLS)http://semarc/number/38508 996 $6245$a1: Magia, miracoli, demonologia$9(OLS)http://semarc/title/97700